Biotecnología apropiable: racionalidad de su desarrollo y aplicación en América Latina y el Caribe

Saved in:
Bibliografiske detaljer
Main Authors: Izquierdo Fernández, Juan Antonio (autor), Ciampi Panno, Luigi (Author), García, Eva de (Author)
Format: Bog
Sprog:spansk
Udgivet: Santiago FAO 1995
Fag:
Tags: Tilføj Tag
Ingen Tags, Vær først til at tagge denne postø!

MARC

LEADER 00000nam a2200000 a 4500
001 UCR4064
003 CL-VaPUC
008 980307e19950000CL |||||||||||||||||spa|d
082 0 4 |a 632.96  |b IZQ  |2 21 
100 |a Izquierdo Fernández, Juan Antonio  |e autor  |9 597140 
700 0 |a Ciampi Panno, Luigi  |e author  |9 403627 
700 0 |a García, Eva de  |e author  |9 403628 
245 1 0 |a Biotecnología apropiable: racionalidad de su desarrollo y aplicación en América Latina y el Caribe 
300 |a 81 p 
942 |c BK 
945 |d 19980307 00:00:00  |a rleighto 
260 |a Santiago  |b FAO  |c 1995 
650 0 |a Biotecnología   |9 259561 
650 0 |a Propagación de plantas  |9 339631 
650 0 |a Hormonas vegetales  |9 264717 
650 7 |a CULTIVO CELULAR  |2 CL-VaPUC  |9 403629 
650 0 |a Bioquímica   |9 259492 
650 0 |a Genética vegetal  |9 264341 
583 |a last modification  |c 20180328 10:22:54  |k Rodrigo Vera 
999 |c 267022  |d 267020